Govt. of
Madhya Pradesh

Hindu Sanskars (Record no. 55330)

MARC details
000 -LEADER
fixed length control field 00417nam a22001697a 4500
003 - CONTROL NUMBER IDENTIFIER
control field MACL
005 - DATE AND TIME OF LATEST TRANSACTION
control field 20160730131009.0
008 - FIXED-LENGTH DATA ELEMENTS--GENERAL INFORMATION
fixed length control field 160730b xxu||||| |||| 00| 0 eng d
040 ## - CATALOGING SOURCE
Transcribing agency MACL
041 ## - LANGUAGE CODE
Language code of text/sound track or separate title English
082 ## - DEWEY DECIMAL CLASSIFICATION NUMBER
Classification number 200 AHU
100 ## - MAIN ENTRY--PERSONAL NAME
Personal name Ahuja, M. L.
9 (RLIN) 65777
245 ## - TITLE STATEMENT
Title Hindu Sanskars
Statement of responsibility, etc. M. L. Ahuja
260 ## - PUBLICATION, DISTRIBUTION, ETC. (IMPRINT)
Place of publication, distribution, etc. New Delhi
Name of publisher, distributor, etc. Global Vision Press
Date of publication, distribution, etc. 2015
650 ## - SUBJECT ADDED ENTRY--TOPICAL TERM
Topical term or geographic name as entry element Religions
9 (RLIN) 65778
942 ## - ADDED ENTRY ELEMENTS (KOHA)
Source of classification or shelving scheme
Koha item type Books
Holdings
Withdrawn status Lost status Source of classification or shelving scheme Damaged status Not for loan Home library Current library Date acquired Cost, normal purchase price Total Checkouts Full call number Barcode Date last seen Price effective from Koha item type
          MACL MACL 30/07/2016 395.00   200 AHU CRE031915 02/05/2024 30/07/2016 Books